000 01216nam0a22002651 4500
001 rc\2154417
005 20250623063746.0
035 _a(NLR Aleph) 006637068
090 _a7610673
_c7610673
100 _a20110829d1978 |||y0rusy50 ca
101 0 _arus
102 _aRU
105 _ay z |||||
200 1 _aСовершенствование технологических процессов в литейном производстве
_eТезисы докл. XI Науч.-техн. конф. литейщиков Зап. Урала
_f[Редкол.: к. т. н. Ю.Г. Ковалев (отв. ред.) и др.]
_gПерм. политехн. ин-т. Перм. обл. правл. НТО Машпром. Зап.-Урал. ЦНТИ. Дом техники Обл. совета НТО
210 _aПермь
_cБ. и.
_d1978
215 _a61 с.
_d20
702 1 _aКовалев
_bЮ.Г.
_4340
712 1 2 _aНаучно-техническая конф. литейщиков Зап. Урала
_d11
_f1978
_eПермь
801 0 _aRU
_bNLR
_gpsbo
801 1 _aRU
_bELAR
_2rusmarc
852 _aNLR
_j78-4/17895
899 _aRuMoRGB
_jБ 78-54/1783
899 _aRuMoRGB
_jБ 78-54/1784
942 _cBOOK
980 _aNB